000 00289nam a22001337a 4500
008 170411b xxu||||| |||| 00| 0 eng d
020 _a0683035495
041 _aeng
080 _23 ED
_a618
100 _a10
101 _aSHM
245 _aOFICE GYNECOLOGY
_cGLASS.R.H
942 _2udc
_cBK
999 _c10360
_d10360